<?xml version="1.0" encoding="UTF-8"?>
<collection xmlns="http://www.loc.gov/MARC21/slim">
<record>
  <controlfield tag="001">167801</controlfield>
  <controlfield tag="005">20260121151446.0</controlfield>
  <datafield tag="037" ind1=" " ind2=" ">
    <subfield code="a">TAZ-TFG-2015-3058</subfield>
  </datafield>
  <datafield tag="041" ind1=" " ind2=" ">
    <subfield code="a">spa</subfield>
  </datafield>
  <datafield tag="100" ind1="1" ind2=" ">
    <subfield code="a">Silva Sanahuja, Alejandro</subfield>
  </datafield>
  <datafield tag="245" ind1="0" ind2="0">
    <subfield code="a">TECONVIDO: APLICACIÓN DE CAR-SHARING PARA LA PROVINCIA DE TERUEL</subfield>
  </datafield>
  <datafield tag="260" ind1=" " ind2=" ">
    <subfield code="a">Zaragoza</subfield>
    <subfield code="b">Universidad de Zaragoza</subfield>
    <subfield code="c">2015</subfield>
  </datafield>
  <datafield tag="500" ind1=" " ind2=" ">
    <subfield code="a">Aporta en secretaría material físico.</subfield>
  </datafield>
  <datafield tag="506" ind1=" " ind2=" ">
    <subfield code="a">by-nc-sa</subfield>
    <subfield code="b">Creative Commons</subfield>
    <subfield code="c">3.0</subfield>
    <subfield code="u">http://creativecommons.org/licenses/by-nc-sa/3.0/</subfield>
  </datafield>
  <datafield tag="520" ind1=" " ind2=" ">
    <subfield code="a">En la actualidad, en la provincia de Teruel, existe un gran problema a la hora de moverse entre los municipios de la provincia motivada por una carencia de transporte público. Este problema afecta desde a personas de anciana edad que necesitan ir a Teruel para visitar a especialistas médicos, como en la población más joven que necesitan desplazarse para ir al instituto o universidad. Para solucionar la situación anterior, surge TeConvido, una aplicación en un entorno de red social, para el uso compartido del automóvil con otras personas o como se le conoce en su término inglés, Carpooling. El sistema está formado por dos aplicaciones, una web y otra Android, con el fin de abarcar el máximo rango de dispositivos y equipos con el que sea compatible. El propósito fundamental es poner en contacto a conductores y pasajeros con preferencias de viajes iguales o compatibles. La plataforma una vez implementada permitirá a tanto conductores como pasajeros ahorrar tanto dinero como tiempo en los desplazamientos dentro de la provincia de Teruel, así como la práctica de una conducción más ecológica motivada por el descenso del número de vehículos en circulación, y por tanto, una reducción de la emisión de gases a la atmósfera.&lt;br /></subfield>
  </datafield>
  <datafield tag="521" ind1=" " ind2=" ">
    <subfield code="a">Graduado en Ingeniería Informática</subfield>
  </datafield>
  <datafield tag="540" ind1=" " ind2=" ">
    <subfield code="a">Derechos regulados por licencia Creative Commons</subfield>
  </datafield>
  <datafield tag="700" ind1=" " ind2=" ">
    <subfield code="a">Martínez Domínguez, Francisco José</subfield>
    <subfield code="e">dir.</subfield>
  </datafield>
  <datafield tag="710" ind1="2" ind2=" ">
    <subfield code="a">Universidad de Zaragoza</subfield>
    <subfield code="b"> </subfield>
    <subfield code="c"></subfield>
  </datafield>
  <datafield tag="856" ind1="0" ind2=" ">
    <subfield code="f">626762@celes.unizar.es</subfield>
  </datafield>
  <datafield tag="856" ind1="4" ind2=" ">
    <subfield code="s">7752063</subfield>
    <subfield code="u">http://zaguan.unizar.es/record/167801/files/TAZ-TFG-2015-3058.pdf</subfield>
    <subfield code="y">Memoria (spa)</subfield>
  </datafield>
  <datafield tag="909" ind1="C" ind2="O">
    <subfield code="o">oai:zaguan.unizar.es:167801</subfield>
    <subfield code="p">driver</subfield>
    <subfield code="p">trabajos-fin-grado</subfield>
  </datafield>
  <datafield tag="950" ind1=" " ind2=" ">
    <subfield code="a"></subfield>
  </datafield>
  <datafield tag="980" ind1=" " ind2=" ">
    <subfield code="a">TAZ</subfield>
    <subfield code="b">TFG</subfield>
    <subfield code="c">POLTER</subfield>
  </datafield>
  <datafield tag="951" ind1=" " ind2=" ">
    <subfield code="a">deposita:2026-01-21</subfield>
  </datafield>
</record>
</collection>